Cyrano de Bergerac (Record no. 163996)

MARC details
000 -LEADER
campo de control de longitud fija 00773nam a22002052i 4500
001 - NÚMERO DE CONTROL
campo de control 163996
003 - IDENTIFICADOR DE NÚMERO DE CONTROL
campo de control ES-MaACL
005 - FECHA Y HORA DE LA ÚLTIMA TRANSACCIÓN
campo de control 20251005063128.0
008 - DATOS DE LONGITUD FIJA--INFORMACIÓN GENERAL
campo de control de longitud fija 951121s1899 fr |||| | fre d
040 ## - FUENTE DE CATALOGACIÓN
Centro catalogador/agencia de origen CAT
Lengua de catalogación spa
Centro/agencia transcriptor CAT
Centro/agencia modificador CCPB
080 #4 - NÚMERO DE LA CLASIFICACIÓN DECIMAL UNIVERSAL
Número de la Clasificación Decimal Universal 840-2"18"
100 ## - ENTRADA PRINCIPAL--NOMBRE DE PERSONA
Nombre de persona Rostand, Edmond,
Fechas asociadas al nombre 1868-1918
9 (RLIN) 223928
245 10 - MENCIÓN DEL TÍTULO
Título Cyrano de Bergerac
Resto del título : comédie héroïque en cinq actes en vers /
Mención de responsabilidad, etc. Edmond Rostand.
260 ## - PUBLICACIÓN, DISTRIBUCIÓN, ETC.
Lugar de publicación, distribución, etc. Paris :
Nombre del editor, distribuidor, etc. Librairie Charpentier et Fasquelle :
-- Eugène Fasquelle,
Fecha de publicación, distribución, etc. 1899.
300 ## - DESCRIPCIÓN FÍSICA
Extensión 225 p. ;
Dimensiones 19 cm.
500 ## - NOTA GENERAL
Nota general En port.: "Répresentée à Paris sur le Théatre de la Porte Saint-Martin le 28 décembre 1897" i "173e mille"
752 ## - ENTRADA AGREGADA--NOMBRE JERÁRQUICO DEL LUGAR
País o entidad superior Francia -
Ciudad París
852 ## - LOCALIZACIÓN
Ubicación ES-MaACL
Número de control de estantería F-7790
Nota libre -- Enc. pasta
Holdings
Estatus retirado Estado de pérdida Estado de daño No para préstamo Colección Biblioteca de origen Biblioteca actual Ubicación en estantería Fecha de adquisición Fuente de adquisición Total de préstamos Signatura topográfica completa Código de barras Visto por última vez Precio de reemplazo Tipo de ítem Koha
        Libros del s. XIX Biblioteca del Ateneo de Madrid Biblioteca del Ateneo de Madrid Sala Pecera Planta 2 17/01/2008     F-7790 1171879 23/02/2023 23/02/2023 Libro impreso antiguo